000 01516nam a2200397 a 4500
001 ebr10197108
003 CaPaEBR
006 m u
007 cr cn|||||||||
008 070416s2007 enkb sb 001 0 eng
010 _z 2007015711
015 _aGBA759576
_2bnb
016 7 _z013805334
_2Uk
020 _z9780199226481 (pbk. : alk. paper)
020 _z0199226482 (pbk. : alk. paper)
020 _z9780199267484 (hbk. : alk. paper)
020 _z0199267480 (hbk. : alk. paper)
040 _aCaPaEBR
_cCaPaEBR
035 _a(OCoLC)252693198
043 _aa------
050 1 4 _aP119.32.A78
_bL36 2007eb
082 0 4 _a306.44/95
_222
245 0 0 _aLanguage and national identity in Asia
_h[electronic resource] /
_cedited by Andrew Simpson.
260 _aOxford ;
_aNew York :
_bOxford University Press,
_c2007.
300 _ax, 466 p. :
_bmaps.
490 1 _aOxford linguistics
504 _aIncludes bibliographical references (p. [443]-459) and index.
533 _aElectronic reproduction.
_bPalo Alto, Calif. :
_cebrary,
_d2013.
_nAvailable via World Wide Web.
_nAccess may be limited to ebrary affiliated libraries.
650 0 _aNationalism
_zAsia.
651 0 _aAsia
_xLanguages
_xPolitical aspects.
655 7 _aElectronic books.
_2local
700 1 _aSimpson, Andrew,
_d1962-
710 2 _aebrary, Inc.
830 0 _aOxford linguistics.
856 4 0 _uhttp://site.ebrary.com/lib/rucke/Doc?id=10197108
_zAn electronic book accessible through the World Wide Web; click to view
999 _c219387
_d219387